000 00613nam a2200229Ia 4500
003 OSt
005 20220918192556.0
006 a|||||r|||| 00| 0
007 ta
008 220917b |||||||| |||| 00| 0 eng d
024 _a69,127
037 _cTextual
040 _aARTS
_cARTS
_beng
041 _2eng
_aeng
082 _aR3,(Q), M5
100 _aMohapatra A R
_979493
245 0 _aPhilosophy of religion
_b an approaches to world religions
260 _aNew Delhi
_bSterling
_c1985
300 _a200p.
_ccm.
942 _hR3,(Q), M5
_cTEXL
_2CC
999 _c195290
_d195290